Highschool english grammer & composition wren & marsan (Record no. 419349)

MARC details
000 -LEADER
fixed length control field 00368nam a2200157Ia 4500
008 - FIXED-LENGTH DATA ELEMENTS--GENERAL INFORMATION
fixed length control field 230605s9999 xx 000 0 und d
041 ## - LANGUAGE CODE
Language code of text/sound track or separate title eng
100 ## - MAIN ENTRY--PERSONAL NAME
Personal name prasad
245 ## - TITLE STATEMENT
Title Highschool english grammer & composition wren & marsan
260 ## - PUBLICATION, DISTRIBUTION, ETC.
Name of publisher, distributor, etc. Blackwell Pub
300 ## - PHYSICAL DESCRIPTION
Extent 384
365 ## - TRADE PRICE
Price amount 279
Tax rate 1 10
500 ## - GENERAL NOTE
General note 2188
520 ## - SUMMARY, ETC.
Summary, etc. General
650 ## - SUBJECT ADDED ENTRY--TOPICAL TERM
Topical term or geographic name entry element G.SKILL

No items available.